[Event "Campinas Fujishima Memorial"]
[Site "Campinas"]
[Date "2009.09.26"]
[Round "10"]
[White "Pereira, Marcio Machado"]
[Black "Abe Nelson, Thoru"]
[Result "1/2-1/2"]
[WhiteElo "1711"]
[BlackElo "1817"]
[PlyCount "51"]
[EventDate "2009.08.23"]
[EventType "tourn"]
[EventRounds "11"]
[EventCountry "BRA"]
[SourceTitle "EXT 2012"]
[Source "ChessBase"]
[SourceDate "2011.11.24"]
[SourceVersion "1"]
[SourceVersionDate "2011.11.24"]
[SourceQuality "1"]

1. d4 Nf6 2. c4 g6 3. Nc3 Bg7 4. Nf3 d6 5. e4 0-0 6. Be2 Nbd7 7. 0-0 c5 8. d5 a6 9. a4 Ne8 10. Ne1 e5 11. g3 f6 12. Be3 Rf7 13. Bg4 Nf8 14. Bxc8 Rxc8 15. Ng2 f5 16. exf5 gxf5 17. f4 e4 18. Qd2 Nf6 19. h3 Nh5 20. Kh2 Ng6 21. Bf2 Qe7 22. Be3 Kh8 23. Rg1 Rg8 24. Raf1 Bf8 25. Qe2 Nf6 26. Ne1 1/2-1/2

[Event "Campinas Fujishima Memorial"]
[Site "Campinas"]
[Date "2009.09.12"]
[Round "3"]
[White "Borelli, Guilherme"]
[Black "Abe Nelson, Thoru"]
[Result "0-1"]
[WhiteElo "1618"]
[BlackElo "1817"]
[PlyCount "66"]
[EventDate "2009.08.23"]
[EventType "tourn"]
[EventRounds "11"]
[EventCountry "BRA"]
[SourceTitle "EXT 2012"]
[Source "ChessBase"]
[SourceDate "2011.11.24"]
[SourceVersion "1"]
[SourceVersionDate "2011.11.24"]
[SourceQuality "1"]

1. d4 Nf6 2. c4 g6 3. Nc3 Bg7 4. Nf3 d6 5. e4 c6 6. Be2 Nbd7 7. Bf4 c5 8. e5 Nh5 9. g3 Nxf4 10. gxf4 Qb6 11. Na4 Qb4+ 12. Nd2 cxd4 13. a3 Qa5 14. b4 Qc7 15. exd6 Qxd6 16. Nf3 Qxf4 17. Nb2 0-0 18. Nd3 Qf6 19. Qc2 e5 20. Nd2 Qe7 21. 0-0-0 e4 22. Ne1 d3 23. Bxd3 exd3 24. Nxd3 Ne5 25. Rhe1 Nxd3+ 26. Qxd3 Qf6 27. Qb3 Bf5 28. Ne4 Bxe4 29. Rxe4 Qxf2 30. Ree1 a5 31. Qc2 Qf6 32. c5 axb4 33. axb4 Bh6+ 0-1

[Event "Campinas Fujishima Memorial"]
[Site "Campinas"]
[Date "2009.08.23"]
[Round "1"]
[White "Junior, Jose Antonio"]
[Black "Abe Nelson, Thoru"]
[Result "1-0"]
[WhiteElo "1986"]
[BlackElo "1817"]
[PlyCount "103"]
[EventDate "2009.08.23"]
[EventType "tourn"]
[EventRounds "11"]
[EventCountry "BRA"]
[SourceTitle "EXT 2012"]
[Source "ChessBase"]
[SourceDate "2011.11.24"]
[SourceVersion "1"]
[SourceVersionDate "2011.11.24"]
[SourceQuality "1"]

1. d4 Nf6 2. c4 c5 3. d5 e5 4. Nc3 d6 5. e4 h6 6. Nf3 Be7 7. h3 a6 8. a4 Qb6 9. Be2 Bd7 10. Qc2 Kd8 11. 0-0 a5 12. Be3 g6 13. Rfb1 Ra6 14. Nb5 Bxb5 15. cxb5 Ra7 16. Nd2 Nbd7 17. Nc4 Qc7 18. f4 Ne8 19. fxe5 dxe5 20. b4 axb4 21. a5 b6 22. axb6 Nxb6 23. Rxa7 Qxa7 24. Nxb6 Qxb6 25. Rxb4 Nc7 26. Rc4 Qxb5 27. Rxc5 Qd7 28. Rc6 Bd6 29. Bb6 h5 30. Qa4 Ke7 31. Qa5 Ne8 32. Bc5 Kf6 33. Bb5 Qe7 34. Qb6 Kg7 35. Bxd6 Nxd6 36. Rxd6 Qh4 37. Qe3 Rb8 38. Bf1 Rb1 39. Qf2 Qg5 40. Rd7 Qf6 41. Qxf6+ Kxf6 42. Kf2 Rb2+ 43. Be2 Kg7 44. d6 Kf8 45. Ke3 Rb3+ 46. Bd3 Ke8 47. Re7+ Kd8 48. Rxf7 Rb6 49. Rf6 Kd7 50. Rxg6 Rxd6 51. Rxd6+ Kxd6 52. h4 1-0